000 00421nam a22001577a 4500
003 OSt
008 230227b |||||||| |||| 00| 0 eng d
041 _aMal
082 _a331
_bBOR/JA
100 _aBorchardt, Julian
_95403
245 _aJanangalude marx
_bജനങ്ങളുടെ മാർക്‌സ്
250 _I1st
260 _aThiruvananthapuram
_CChintha Publishers
_c2014
300 _a360
942 _cBK
999 _c17645
_d17645